Statistics for Category Elimination - Asian Geography #2

Click here to take the quiz!

General Stats

  • This quiz has been taken 2,310 times
  • The average score is 17 of 20

Answer Stats

Group#Category% Correct
Green48Countries of Asia
100%
Green22... with fewer than 15 million people
99%
Yellow48Capital Cities of Asia
96%
Pink96Countries or Capitals of Asia
93%
Blue34... which don't have black on them
93%
Blue48Countries of Asia (by Flag)
93%
Yellow23... whose latitude is north of Cairo
93%
Green10... with an max. elevation above 3000m
93%
Yellow9... with at least 3 million people*
92%
Green7... that does not end in "-stan"
92%
Pink21... which end in the letter A
92%
Blue7... don't have white on them
90%
Blue4... are at least 50% red
87%
Pink9... have at most 6 letters in their name
87%
Pink5... with at least 10 million people*
85%
Yellow3... with exactly 5 letters in their name
81%
Blue1... and has a single star on itVietnam
67%
Green1... that starts and ends with a vowelArmenia
64%
Pink1... and is an island country, or the capital of oneManila
43%
Yellow1... and whose country is landlockedKabul
35%

Score Distribution

Percentile by Number Answered

Percent of People with Each Score

Your Score History

You have not taken this quiz